Tội phạm kinh tế thời mở cửa /

Na minha lista:
Detalhes bibliográficos
Autor principal: Nguyễn Xuân Yêm
Formato: Livro
Idioma:Vietnamese
Publicado em: Công an nhân dân 2004
Tags: Adicionar Tag
Sem tags, seja o primeiro a adicionar uma tag!
Thư viện lưu trữ: Mạng thư viện Đại học Đà Nẵng
LEADER 00680nam a2200253 4500
001 000021357
003 17804
005 20150417150411.0
008 150417s2004 viesd
020 |c 250000 
041 0 |a vie 
082 1 4 |a 364.133  |b NG-Y 
100 1 |a Nguyễn Xuân Yêm 
245 1 0 |a Tội phạm kinh tế thời mở cửa /  |c Nguyễn Xuân Yêm, Nguyễn Hoà Bình (chủ biên). 
260 |b Công an nhân dân  |c 2004 
300 |a tr.  |c cm. 
OWN |a LSP 
999 |a From the UDN01 
TYP |a Monograph 
TYP |a Printed language 
980 |a Mạng thư viện Đại học Đà Nẵng